000 00951nam0a22002771 4500
001 v19\rc\1801611
005 20250619122711.0
035 _a(NLR Aleph) 004902620
090 _a5391337
_c5391337
100 _a20071130d1907 |||y0rusy50 ca
101 0 _arus
102 _aRU
105 _ay j |||||
200 1 _aПодробный конспект учебного курса русской истории
_eПособие для учащихся
_fСост. К.В. Елпатьевский
205 _a2-е изд.
210 _aСанкт-Петербург
_cтип. М.М. Стасюлевича
_d1907
215 _a[2], 131 с.
_d24
700 1 _aЕлпатьевский
_bК.В.
_f1854-
_gКонстантин Васильевич
_4220
801 0 _aRU
_bNLR
_gpsbo
801 0 _aRU
_bRuMoRGB
_2psbo
801 1 _aRU
_bProSoft-M
_2rusmarc
852 _aNLR
_j38.6.10.45
899 _aБАН
899 _aГПИБ
942 _cBOOK
980 _aNB